000 00894nam a2200253Ia 4500
003 OSt
005 20221005112859.0
006 a|||||r|||| 00| 0
007 ta
008 221004b |||||||| |||| 00| 0 pan d
020 _a9788193253601 (hbk)
_cINR 395.00
024 _a35573
037 _b1005, 13/11/2017, H.K. Prakashan
_cTextual
040 _aCRL
_cCRL
_bpan
041 _2pan
_apan
082 _aU8, 153Q6
100 _aਸਿੰਗਲ, ਧਰਮਪਾਲ, ਂਚ.
245 0 _aਘੁਮੱਕੜ ਦੀ ਡਾਇਰੀ ਦੇ ਕੁਝ ਪੰਨੇ
260 _aਦਿੱਲੀ
_bਐਵਿਸ ਪਬਲੀਕੇFਨਗ਼ ਭਾਰਤ
_c2016
300 _a211ਪੰ
_ccm.
650 _aਸਖ਼ਰਨਾਮਾ
942 _hU8, 153Q6
_cTEXL
_2cc
999 _c1026298
_d1026298